000 00988 a2200289 4500
003 CBULib
005 20231215095825.0
008 231215b |||||||| |||| 00| 0 eng d
020 _a9781482254358
040 _bEnglish
_cCBULib
_erda
041 _aeng
050 _bQC 611.8.C64 Aye
100 1 _aAyers, John E.
_91404
245 _aHeteroepitaxy of semiconductors : theory, growth, and characterization
_c/ by John E. Ayers; Tedi Kujofsa; Paul Rago; and Johanna E. Raphael
250 _aSecond edition.
260 _bCRC Press,
_c2017.
_aBoca Raton :
300 _axv, 643 pages : illustrations (some colour)
336 _2rdacontent
_aText |
_btxt
337 _2rdamedia
_aUnmediated |
_bn
338 _2rdacarrier
_aVolume
_bnc
504 _aIncludes an appendix and an index
650 0 _91405
_aCOMPOUND SEMICONDUCTORS
650 0 _91406
_aEPITAXY
650 0 _91407
_aSCIENCE PHYSICS ELECTRICITY
650 0 _91408
_aSCIENCE PHYSICS ELECTROMAGNETISM
942 _2lcc
_c002
999 _c83335
_d83335